00213nam a2200085Ia 450000100070000000500170000700800410002424500450006526000170011077659620250826165851.0250824s9999 xx 000 0 und d 0aGAZİ OSMAN PAŞAcİBRAHİM ÜNSAL bGENÇ HAYAT